Normal view
MARC view
- Post-Impressionism (Art)
Entry Topical Term
001 - CONTROL NUMBER
- control field: 121535
003 - CONTROL NUMBER IDENTIFIER
- control field: NUST
005 - DATE AND TIME OF LATEST TRANSACTION
- control field: 20240227133043.0
008 - FIXED-LENGTH DATA ELEMENTS
- fixed length control field: 240227|| aca||aabn | a|a d
040 ## - CATALOGING SOURCE
- Original cataloging agency: NUST
- Transcribing agency: NUST
150 ## - HEADING--TOPICAL TERM
- Topical term or geographic name entry element: Post-Impressionism (Art)
670 ## - SOURCE DATA FOUND
- Source citation: Work cat.: (NUST): Boyle, David, 1958- 121534, Impressionist art :, 2001.
